000 00314nam a22001217a 4500
008 160425b xxu||||| |||| 00| 0 eng d
020 _a9780827380080
020 _a0827380089
041 _aeng
080 _a618.2
245 _aHealth promation in nursing;
_cJanice A. Maville; Carolina G. Huerta;
942 _2udc
_cBK
999 _c1573
_d1573